Stati del Forum internazionale dei trasporti - Statistics

Statistiche generali
  • Questo quiz è stato fatto 4 volte
  • Il punteggio medio è 61 su 66
Statistiche sulle risposte
Continente Nazione % Corretto
Europa Albania
100%
America del Sud Argentina
100%
Asia Armenia
100%
Oceania Australia
100%
Europa Bielorussia
100%
Europa Bosnia ed Erzegovina
100%
America del Sud Brasile
100%
Europa Bulgaria
100%
America del Nord Canada
100%
America del Sud Cile
100%
Asia Cina
100%
Asia Corea del Sud
100%
Europa Croazia
100%
Europa Danimarca
100%
Asia Emirati Arabi Uniti
100%
Europa Estonia
100%
Europa Finlandia
100%
Europa Francia
100%
Europa Germania
100%
Asia Giappone
100%
Europa Grecia
100%
Asia India
100%
Asia Israele
100%
Europa Italia
100%
Europa Lettonia
100%
Europa Lituania
100%
Europa Macedonia del Nord
100%
Europa Malta
100%
Africa Marocco
100%
Europa Moldavia
100%
Europa Norvegia
100%
Oceania Nuova Zelanda
100%
Europa Polonia
100%
Europa Portogallo
100%
Europa Regno Unito
100%
Europa Repubblica Ceca
100%
Europa Romania
100%
Asia / Europa Russia
100%
Europa Serbia
100%
Europa Slovacchia
100%
Europa Slovenia
100%
Europa Spagna
100%
America del Nord Stati Uniti
100%
Europa Svezia
100%
Africa Tunisia
100%
Asia / Europa Turchia
100%
Europa Ucraina
100%
Europa Ungheria
100%
Europa Austria
75%
Europa Belgio
75%
Asia Cambogia
75%
America del Sud Colombia
75%
America del Nord Costa Rica
75%
Asia / Europa Georgia
75%
Europa Irlanda
75%
Europa Islanda
75%
Asia / Europa Kazakistan
75%
Europa Liechtenstein
75%
Europa Lussemburgo
75%
America del Nord Messico
75%
Asia Mongolia
75%
Europa Montenegro
75%
Europa Paesi Bassi
75%
Europa Svizzera
75%
Asia Uzbekistan
75%
Asia / Europa Azerbaigian
50%
Nessun quiz corrispondente trovato
Distribuzione punteggi
Percentuale di utenti per punteggio
Percentile per numero di risposta
I tuoi punteggi nel tempo
Non hai fatto questo quiz